000 00983nam a2200301Ia 4500
003 OSt
005 20221007124410.0
006 a|||||r|||| 00| 0
007 ta
008 221006b |||||||| |||| 00| 0 eng d
020 _a9788126508075 (pbk)
024 _a179243
037 _b2722, 20/03/2012, Educational Book Agency (India)
_cTextual
040 _aCDL
_cCDL
_beng
041 _2eng
_aeng
082 _aE:26, M0;P4;7-;9 Carc
100 _aBard Allen J
245 0 _aElectrochemical methods : Funadamentals and applications
_b Faulkner Larry R
250 _a2
260 _aNew
_bDelhi Wiley-India
_c2004
300 _axxi; 833p.
_ccm.
500 _aIndex 814-833p.
650 _a Electrochemical methods
_9718318
650 _aChemistry
700 _a Faulkner Larry R
942 _hE:26, M0;P4;7-;9 Carc
_cTEXL
_2CC
999 _c1213468
_d1213468